Statistiche per 15 persone più ricche del mondo 2022

Clicka qui per fare il quiz!

Statistiche generali

  • Questo quiz è stato fatto 51 volte
  • Il punteggio medio è 4 su 15

Statistiche sulle risposte

HintRisposta% Corretto
1Elon Musk/Musk
94%
2Jeff Bezos/Bezos
83%
4Bill Gates/Gates
68%
15Mark Zuckerberg/Zuckerberg
55%
3Bernard Arnault/Arnault
21%
5Warren Buffett/Buffett
15%
6Larry Page/Page
13%
7Sergey Brin/Brin
11%
13Carlos Slim Helù/Slim Helù/Helù
9%
11Gautam Adani/Adani
9%
8Larry Ellison/Ellison
9%
12Michael Bloomberg/Bloomberg
4%
10Mukesh Ambani/Ambani
4%
14Francoise Bettencourt Meyers/Bettencourt/Meyers
2%
9Steve Ballmer/Ballmer
2%

Distribuzione punteggi

Percentile per numero di risposta

Percentuale di utenti per punteggio

I tuoi punteggi nel tempo

Non hai fatto questo quiz